| 000 | 00813 a2200217 4500 | ||
|---|---|---|---|
| 001 | 133680 | ||
| 020 | _a85-262-1727-5 | ||
| 040 | _cLeonardo Da Vinci | ||
| 041 | _aPortuguês | ||
| 082 |
_aJ R342m _bR342m |
||
| 100 | _aAVÉROUS, Pierre | ||
| 245 | _aDa montanha ao mar | ||
| 250 | _a2.ed | ||
| 260 |
_bScipione _c1992 _aSão Paulo |
||
| 300 | _a60 | ||
| 362 | _a19920000 | ||
| 490 | _aRespostas a Pequenas Curiosidades | ||
| 500 |
_aLuiz Cláudio de Castro (Tradução) _aHéliadore (Ilustração) |
||
| 697 |
_aLiteratura juvenil _aCiências _aPaisagem _aRoçado _aFloresta _aPonte _aTúnel _aMontanhas _aPedra _aRochedo _aConchas _aCaverna _aVulcão _aGeleiras _aPedregulho _aTijolo _aAreia _aDeserto _aÁgua _aLago _aRio _aDesfiladeiro _aFalésia _aBarragem _aEclusa _aFonte _aOndas _aMar _aPraia _aAlgas _aIlhas |
||
| 942 | _cBK | ||
| 999 |
_c133680 _d133680 |
||